Statistics for Countries of the world - with a player in top 500 most important soccer players in world

Click here to take the quiz!

General Stats

  • This quiz has been taken 749 times
  • The average score is 58 of 76

Answer Stats

PlayersAnswer% Correct
46Argentina
99%
34Brazil
99%
34Germany
98%
39Spain
98%
6United States
96%
30France
96%
21Italy
96%
17Portugal
96%
7Russia
94%
7Sweden
93%
12England
92%
6Japan
92%
15Mexico
92%
14Netherlands
91%
1Australia
91%
8Chile
91%
20Belgium
91%
2China
90%
2South Korea
88%
8Colombia
88%
13Uruguay
88%
4Poland
88%
4Ireland
87%
1Norway
87%
2Egypt
87%
3Greece
86%
1Canada
86%
5Denmark
85%
10Croatia
85%
8Turkey
85%
7Switzerland
84%
1South Africa
84%
3Ukraine
83%
5Serbia
82%
2Peru
82%
4Paraguay
82%
6Austria
81%
4Algeria
81%
1Iran
80%
5Nigeria
80%
3Wales
79%
3Slovenia
77%
3Slovakia
77%
1India
77%
1New Zealand
76%
3Romania
76%
3Hungary
76%
3Iceland
76%
5Ecuador
76%
2Venezuela
75%
1Bosnia
75%
3Cameroon
74%
2Bolivia
74%
3Ghana
74%
4Morocco
74%
4Czech Republic
71%
3Ivory Coast
70%
3Senegal
70%
1Saudi Arabia
70%
1Costa Rica
68%
1Iraq
68%
3Albania
64%
1Israel
63%
1Kenya
60%
1Montenegro
57%
3Northern Ireland
56%
1Armenia
52%
1Thailand
51%
1Gabon
48%
1Qatar
47%
2UAE
46%
1Tanzania
41%
1Guinea
38%
1Chad
37%
3DR Congo
8%
1Palestine
5%

Score Distribution

Percentile by Number Answered

Percent of People with Each Score

Your Score History

You have not taken this quiz